000 00873nam a22002657a 4500
001 7792
003 FISKH
005 20250806164627.0
008 250806b cb ||||| |||| 00| 0 eng d
020 _a9781416926474
040 _aFISKH
_beng
_cFISKH
_dFISKH
082 _a468.6
100 _aInches, Alison
245 _aSuper babies ! /
_cadapted by Alison Inches : illustrated by Victoria Miller
260 _aLondon :
_bSimon and Schuster / Nickelodeon ,
_c2006.
300 _a24 unnumbered pages :
_bcolor illustrations ;
_c21 cm .
490 _aDora the Explorer
_v18
505 _aF
520 _aAfter their food is stolen, Dora, Boots, and her baby brother and sister try to get it back.
521 8 _a300
_bLexile estimate
521 8 _aF
_bRaz-Plus
700 _aMiller, Victoria
_eIllustrator
942 _2ddc
_cBK
_n0
999 _c7792
_d7792